000 01948cam a22003854i 4500
003 PE-LiUPU
005 20250731184107.0
008 150616s r 000 0 d
020 _a8434700794
035 _a(Sirsi) i9788434700796
040 _aPE-LiUPU
_bspa
_cPE-LiUPU
_erda
049 _aPRUA
082 0 4 _a843.91
_bG412e
_223
100 _aGheorghiu, C. Virgil
_eautor.
_92027
245 1 0 _aEsa sangre que infecta la ciudad /
_cVirgil Gheorghiu ; traducción Jorge Onfray.
264 1 _aSantiago de Chile :
_bEditorial Zig-Zag,
_c1964.
300 _a287 páginas ;
_c18 centímetros.
336 _atext
_2rdacontent
337 _aunmediated
_2rdamedia
338 _avolume
_2rdacarrier
490 0 _a(Colección de Bolsillo Selección Zig-Zag ;
_v50)
505 0 _aAgapia es una ciudad en el gran arrabal de Europa -- Asesinato en el castillo -- El primer relato del crimen -- El castillo ganado a los naipes -- Los últimos minutos de la vida del soldado Anton Tuniade -- La nieve no tiene memoria -- Patricia Tuniade, madre del soldado asesinado -- Rastros en la nieve -- El asesino llegó en tren por el norte -- El segundo viaje no existe -- El asesino era un hombre sin armas -- El barco que ancló en el cielo -- Vida y muerte de un sátrapa moldavo -- Inspección policial en la casa sin hacha -- Flora y la hipótesis del crimen pasional -- Ismael el Lipavano y su terrible religión -- El descubrimiento del asesino -- Los confites del asesino -- Los detectives de media noche -- Milagros de policía.
526 _aP145
526 _aP127
526 _aP97
526 _aP14
526 _aP07
650 7 _aNovela policíaca francesa
_2BLAAUTO
_92114
650 7 _aInvestigación criminal
_vNovela
_2BLAAUTO
_92115
700 _aOnfray, Jorge,
_etraductor.
_92116
910 _ajck
942 _2ddc
_cBK
980 _81
_gALBERTO SANCHEZ Responsable de Automatización
999 _c38628
_d38628